| 000 | 00921cac a22002655a 4500 | ||
|---|---|---|---|
| 005 | 20201128024238.0 | ||
| 008 | 180206t1988 caua frb 001 0 eng d | ||
| 020 | _a8131202895 | ||
| 020 | _a978813202890 | ||
| 040 |
_aEG-ScBUE _beng _cEG-ScBUE _dEG-ScBUE |
||
| 082 | 0 | 4 |
_a006.3 _bPEA _222 |
| 100 | 1 |
_aPearl, Judea. _96920 |
|
| 245 | 1 | 0 |
_aProbabilistic reasoning in intelligent systems : _bnetworks of plausible inference / _cJudea Pearl. |
| 250 | _a2nd Rev. printing ed. | ||
| 260 |
_aNew Delhi : _bMorgan Kaufmann Publishers / Elsevier, _c2006. |
||
| 300 |
_axix, 552 p. : _bill. ; _c24 cm. |
||
| 504 | _aIncludes bibliographical references and index. | ||
| 650 | 7 |
_aArtificial intelligence. _2BUEsh _9529 |
|
| 650 | 7 |
_aReasoning. _2BUEsh _913976 |
|
| 650 | 7 |
_aProbabilities. _2BUEsh _93494 |
|
| 650 | 7 |
_aComputer networks. _2BUEsh _91660 |
|
| 651 | _2BUEsh | ||
| 653 |
_bCOMSCI _cFebruary2018 |
||
| 942 |
_k006.3PEA _2ddc |
||
| 999 |
_c26103 _d26075 |
||